BSOP header

Pugot : (Record no. 53234)

MARC details
000 -LEADER
fixed length control field 01317cam a2200373 i 4500
001 - CONTROL NUMBER
control field 22419521
003 - CONTROL NUMBER IDENTIFIER
control field OSt
005 - DATE AND TIME OF LATEST TRANSACTION
control field 20240920161927.0
008 - FIXED-LENGTH DATA ELEMENTS--GENERAL INFORMATION
fixed length control field 220211t20212021ph a b 001 0 eng
010 ## - LIBRARY OF CONGRESS CONTROL NUMBER
LC control number 2022347533
020 ## - INTERNATIONAL STANDARD BOOK NUMBER
International Standard Book Number 9789719707189
020 ## - INTERNATIONAL STANDARD BOOK NUMBER
International Standard Book Number 9789719707196
020 ## - INTERNATIONAL STANDARD BOOK NUMBER
International Standard Book Number 9789719707714
040 ## - CATALOGING SOURCE
Original cataloging agency DLC
Language of cataloging eng
Transcribing agency DLC
Description conventions rda
Modifying agency DLC
042 ## - AUTHENTICATION CODE
Authentication code lcode
-- pcc
043 ## - GEOGRAPHIC AREA CODE
Geographic area code a-ph---
100 1# - MAIN ENTRY--PERSONAL NAME
Personal name Tan, Narciso C.,
Relator term author.
245 10 - TITLE STATEMENT
Title Pugot :
Remainder of title head taking, ritual cannibalism, and human sacrifice in the Philippines /
Statement of responsibility, etc Narciso C. Tan ; with a foreword by Barbara Watson Andaya.
246 30 - VARYING FORM OF TITLE
Title proper/short title Head taking, ritual cannibalism, and human sacrifice in the Philippines
260 ## - PUBLICATION, DISTRIBUTION, ETC. (IMPRINT)
Place of publication, distribution, etc Quezon City, Philippines :
Name of publisher, distributor, etc Vibal Foundation,
Date of publication, distribution, etc c2021
300 ## - PHYSICAL DESCRIPTION
Extent xv, 372 pages :
Other physical details illustrations (some color) ;
Dimensions 31 cm.
336 ## - CONTENT TYPE
Content Type Term text
337 ## - MEDIA TYPE
Media Type Term unmediated
338 ## - CARRIER TYPE
Carrier Type Term volume
490 0# - SERIES STATEMENT
Series statement Academica Filipina
504 ## - BIBLIOGRAPHY, ETC. NOTE
Bibliography, etc Includes bibliographical references (pages 320-364) and index.
546 ## - LANGUAGE NOTE
Language note In English.
650 #0 - SUBJECT ADDED ENTRY--TOPICAL TERM
Topical term or geographic name as entry element Human sacrifice
Geographic subdivision Philippines
General subdivision History.
650 #0 - SUBJECT ADDED ENTRY--TOPICAL TERM
Topical term or geographic name as entry element Rites and ceremonies
Geographic subdivision Philippines
General subdivision History.
650 #0 - SUBJECT ADDED ENTRY--TOPICAL TERM
Topical term or geographic name as entry element Cannibalism
General subdivision Mythology
Geographic subdivision Philippines.
650 #0 - SUBJECT ADDED ENTRY--TOPICAL TERM
Topical term or geographic name as entry element Ethnology
Geographic subdivision Philippines
General subdivision History.
710 2# - ADDED ENTRY--CORPORATE NAME
Corporate name or jurisdiction name as entry element Vibal Foundation, Inc.,
Relator term author.
942 ## - ADDED ENTRY ELEMENTS (KOHA)
Source of classification or shelving scheme Library of Congress Classification
Item type Books
Holdings
Withdrawn status Lost status Source of classification or shelving scheme Damaged status Not for loan Home library Current library Shelving location Date acquired Inventory number Total Checkouts Full call number Barcode Date last seen Price effective from Koha item type Copy number
    Library of Congress Classification     BSOP Library BSOP Library Filipiniana 09/20/2024 49960   GN473.5 T15 2021 00058631 09/20/2024 09/20/2024 Books  
    Library of Congress Classification     BSOP Library BSOP Library Filipiniana 06/02/2025 49280   GN473.5 T15 2021 00061547 06/02/2025 06/02/2025 Books c.2
BSOP

Biblical Seminary of the Philippines
  All rights Reserved
  © 2024

CONTACT INFORMATION

Biblical Seminary of the Philippines,
  77-B Karuhatan Road, Valenzuela City,
  PHILIPPINES 1441
  Phone: +632 8292-6795 / 8292-6798
  Fax : +632 8292-6675
  Email: library@bsop.edu.ph